| 000 | 00632nam a2200205Ia 4500 | ||
|---|---|---|---|
| 003 | GCL | ||
| 008 | 140319s9999 xx 000 0 ara d | ||
| 040 |
_aGCL / _cGCL |
||
| 082 | 0 | 4 |
_a658.022 _bا د |
| 100 | 1 | _aآتش، دايفيد | |
| 245 | 1 | 0 |
_aدليل إنشاء المشروعات الصغيرة / _cآتش، دايفيد |
| 700 | 1 | _aجونيور، بانجز | |
| 250 | _aالاولى | ||
| 260 |
_aالرياض : _bمكتبة جرير ، _c2002 |
||
| 300 |
_a183 ص ؛ _c32 سم |
||
| 650 | 0 | 4 | _aادارة الاعمال |
| 650 | 0 | 4 | _aالتسويق |
| 650 | 0 | 4 | _aالمشروعات الصغيرة |
| 942 |
_2ddc _cBK |
||
| 999 |
_c5233 _d5233 |
||